The X Factor 2012 - Statistics

General Stats
  • This quiz has been taken 79 times
    59 since last reset
  • The average score is 9 of 16
Answer Stats
Hint Answer % Correct
WINNER James Arthur
98%
2nd Jahmene Douglas
81%
6th Ella Henderson
74%
3rd Christopher Maloney
70%
9th (Withdrew) Lucy Spraggan
68%
5th Rylan Clark
68%
4th Union J
66%
10th Jade Ellis
49%
7th District3
47%
11th MK1
43%
Wildcard (Tulisa) Amy Mottram
42%
13th Carolynne Poole
42%
8th Kye Sones
42%
12th Melanie Masson
40%
Wildcard (Nicole) Adam Burridge
30%
Wildcard (Louis) Times Red
30%
No matching quizzes found
Score Distribution
Percent of People with Each Score
Percentile by Number Answered
Your Score History
You have not taken this quiz since the last reset